00611nam a2200181Ia 4500003000900000008004100009040001600050080002200066245008800088260003400176300001600210650003300226650002100259700002900280942000700309999001500316952009800331IN-BaIIA211028s9999 xx 000 0 eng d cIIA Library a53(03)bENC-Via/1 0aEncyclopedia of physicsbvol. VI a/1, mechanics of Solids Icedited by C. Truesdell aBerlinbSpringer-Verlagc1973 aviii, 813p. a Physics-Encyclopedia98317 aNASA Thesaurus  aTruesdell, C., ed.93925 cBK c4693d4693 00104070aBANbBANcGENd1975-03-22l0o53(03)/ ENC-VIa/1p5241r2021-11-05w1975-03-22yBK